000 00343nam a22001337a 4500
003 SGT
082 _a340,SEG
100 _aSEGALL, ANNA
245 _aPUNISING VIOLATIONS OF INTERNATIONAL HUMANITAIONAL HUMANITARIAN LAW AT THE NATIONAL LEVEL
260 _aNEW DELHI
_bICRC
_c2001
300 _a199
650 _aLAW BOOOKS
942 _2ddc
_cBK
999 _c10170
_d10170